000
00325nam a2200145Ia 4500
008
191201s2008 xx 000 0 und d
082
_a
005.131
_b
MOD
100
_a
MORRIS Mano, M
245
0
_a
Digital Design
250
_a
Rep.
260
_a
N.Delhi
_b
PHI
_c
2008
300
_a
608
650
_a
B.Tech(ECE)
942
_2
ddc
_c
BK
999
_c
3819
_d
3819